000 00486nam a2200181Ia 4500
008 240925s9999 xx 000 0 und d
020 _a9781488610196
082 _a510 BRA
100 _aNot - Available
245 0 _aAcademic and Professional Numeracy NMCY 1001
250 _aNA
260 _aAustralia:
_bPearson Educ
_c,2015.
300 _axxx, 722p.
_b0
_fOriginal
500 _aIncludes Index
600 _aHumanities & Natural Science
650 _aMathematics
942 _cBK
999 _c14541
_d14541